Plzeňská podzemí

Titel: Plzeňská podzemí / Štěpánka Pflegerová ... [et al. ; fotografie Jaroslav Vogeltanz ... et al.]
Beteiligt: ;
Ausgabe: Vyd. 1.
Veröffentlicht: [Plzeň] : Nava, 2014
Umfang: 107 S. : Ill., Kt. ; 31 cm
Format: Buch
Sprache: Tschechisch
Schlagworte:
ISBN: 8072114476 ; 9788072114474
Buchumschlag
X
alg: 41538715
001A    $03004:03-08-17 
001B    $03004:19-09-17 $t15:25:07.000 
001C    $03004:03-08-17 $t17:56:42.000 
001D    $03004:19-09-17 
001U    $0utf8 
001X    $00 
002@    $0Aau 
003@    $0415387159 
004A    $080-7211-447-6 
004A    $A978-80-7211-447-4 
006C    $0876342853 $aOCoLC 
007A    $0415387159 $aHEB 
010@    $acze 
011@    $a2014 $n2014 
021A    $aPlzeňská podzemí $hŠtěpánka Pflegerová ... [et al. ; fotografie Jaroslav Vogeltanz ... et al.] 
028C    $7 $8Pflegerová, Štěpánka [Tnu] $9416773524 
028C    $71032885939 $8Vogeltanz, Jaroslav$Z1956- [Tp1] $9319855112 
032@    $aVyd. 1. 
033A    $p[Plzeň] $nNava 
034D    $a107 S. 
034I    $a31 cm 
034M    $aIll., Kt. 
037A    $aEnth. Literaturangaben 
044K    $#Pilsen $#Plzeň $#Pilzeň $74076145-9 $8Pilsen [Tg1] $9085215899 
044K    $RBauwerk $#Underground construction $#Construction souterraine $#Untertagebauwerk $#Untergrundbau $#Untergrundbauwerk $#Einbettung Bauwesen $74223830-4 $8Unterirdisches Bauwerk [Ts1] $9086159658 

lok: 41538715 24

exp: 41538715 24 1 #EPN
201B/01 $019-09-17 $t15:25:51.000 
201C/01 $003-08-17 
201U/01 $0utf8 
203@/01 $01005339562 
208@/01 $a19-09-17 $bz 
209A/01 $a17.04459 $du $f050 $h17 04459 $x00 
209C/01 $a17.04459 K $h17 04459 K 
209G/01 $a73930715 $x00 
220C/01 $akon 
247C/01 $8358050-7 Marburg, Bibliothek des Herder-Instituts Marburg $9102600961 

lok: 41538715 78

exp: 41538715 78 1 #EPN
201B/01 $004-04-24 $t08:54:26.000 
201C/01 $004-04-24 
201U/01 $0utf8 
203@/01 $01260219399 
208@/01 $a04-04-24 $be 
209A/01 $a/ $f000 $x00 
209A/01 $ab*p $x01 
220C/01 $apgar 
244Z/01 $#Böhmische Kronländer $#Länder der Böhmischen Krone $#Sudetenland $#Böhmen $#Mähren $#Mährisch-Schlesien $#Österreichisch-Schlesien $#Tschechische Sozialistische Republik Böhmische Länder $#Tschechei Böhmische Länder $#Země koruny české $74069573-6 $8--Tg1--Böhmische Länder $x03 $9085195553 
247C/01 $82080>Marburg/Lahn, Herder-Institut, Forschungsbibliothek, Bibliographieportal $9336309341
LEADER 00000cam a2200000 c 4500
001 415387159
003 DE-603
005 20170919152507.0
007 tu
008 170803s2014 xx |||| | u00||u|cze c
020 |a 8072114476 
020 |a 9788072114474 
035 |a (DE-599)HEB415387159 
040 |a DE-603  |b ger  |c DE-603  |d DE-603 
041 |a cze 
245 0 0 |a Plzeňská podzemí  |c Štěpánka Pflegerová ... [et al. ; fotografie Jaroslav Vogeltanz ... et al.] 
250 |a Vyd. 1. 
264 1 |a [Plzeň]  |b Nava  |c 2014 
300 |a 107 S.  |b Ill., Kt.  |c 31 cm 
500 |a Enth. Literaturangaben 
650 7 |a Unterirdisches Bauwerk  |0 (DE-588)4223830-4  |0 (DE-603)086159658  |2 gnd 
651 7 |a Pilsen  |0 (DE-588)4076145-9  |0 (DE-603)085215899  |2 gnd 
700 1 |a Pflegerová, Štěpánka  |0 (DE-603)416773524 
700 1 |a Vogeltanz, Jaroslav  |d 1956-  |0 (DE-603)319855112  |0 (DE-588)1032885939  |2 gnd 
924 0 |9 Mb 50  |a (DE-603)1005339562  |b DE-Mb50  |c HES  |d c  |g 17.04459 
924 0 |9 2080  |a (DE-603)1260219399  |b DE-2080  |c HES  |d d  |g /